000 00388nam a2200145Ia 4500
008 150301s2009 xx 000 0 und d
082 _a617.695
_bD2009C
100 _aCHOUDHARY ,N.K
245 _aDENTODRITE INTERNATIONAL SERIES….DENTAL MATERIALS
250 _a1ST
260 _bA.I.T.B.S.PUBLISHERS
_aNEW DELHI
_c2009
300 _a1-362
650 _aPROSTHODONTICS
942 _2ddc
_cBK
999 _c6893
_d6893